Click the Movie Title Ending #8 - Multiple Answers - Statistics

General Stats
  • This quiz has been taken 464 times
  • The average score is 14 of 16
Answer Stats
Hint Answer % Correct
Independence Day
97%
Sherlock Holmes
97%
Iron Man
96%
Wonder Woman
96%
Pretty Woman
96%
Groundhog Day
93%
Knives Out
92%
Bruce Almighty
90%
Evan Almighty
85%
Spirited Away
85%
Get Out
85%
Flushed Away
84%
Rain Man
76%
Enola Holmes
75%
Licorice Pizza
72%
Mystic Pizza
51%
No matching quizzes found
Score Distribution
Percent of People with Each Score
Percentile by Number Answered
Your Score History
You have not taken this quiz